00938cam a22002411 4500001001300000003000400013005001700017008004100034010001700075035001900092040002300111042001200134050001700146110005600163245010400219260001800323300001800341490004500359505011500404650003700519700004400556810009600600sa 66005096 DLC20260227112247.0771031m19649999ii c 000 0 eng  asa 66005096  a(OCoLC)3382823 aDLCcTxUdTxUdDLC apremarc00aZ6605.S3bD42 aDeccan College Post-graduate and Research Institute10aCatalogue of Sanskrit manuscripts in the Deccan College Postgraduate and Research Institute, Poona. aPoona,c1964- a v.c25 cm.1 aIts Deccan College Monograph series,v280 av. 1. Veda, edited by Madhukar Anant Mehendale.--v. 2. Kāvya manuscripts.--v. 3. Dharmaśastra manuscripts. 0aManuscripts, SanskritvCatalogs.1 aMehendale, M. A.q(Madhukar Anant)eed.2 aDeccan College Post-graduate and Research Institute.tDeccan College Monograph series,v28.